Iniciación en la geometría : (Record no. 31409)

MARC details
000 -CABECERA
campo de control de longitud fija 00624nam a2200205 a 4500
005 - FECHA Y HORA DE LA ÚLTIMA TRANSACCIÓN
campo de control 20231024063642.0
008 - ELEMENTOS DE LONGITUD FIJA--INFORMACIÓN GENERAL
campo de control de longitud fija 991125s1942 mx 000 0 spa u
035 ## - NÚMERO DE CONTROL DEL SISTEMA
Número de control de sistema UPN01000031409
049 ## - COLECCIÓN
Colección LT
050 #4 - SIGNATURA TOPOGRÁFICA DE LA BIBLIOTECA DEL CONGRESO
Número de clasificación LB1589 M6.3
Número de documento/Ítem G3.3
100 1# - ASIENTO PRINCIPAL--NOMBRE PERSONAL
Nombre de persona Gámiz Olivas, Abel
245 10 - MENCIÓN DE TÍTULO
Título Iniciación en la geometría :
Resto del título cuaderno para el tercer año elemental /
Mención de responsabilidad, etc. Abel Gamiz
260 ## - PUBLICACIÓN, DISTRIBUCIÓN, ETC.
Lugar de publicación, distribución, etc. México :
Nombre del editor, distribuidor, etc. Aguilas,
Fecha de publicación, distribución, etc. 1942
300 ## - DESCRIPCIÓN FÍSICA
Extensión 48 p., [5] h. de láms. :
650 #4 - ASIENTO SECUNDARIO DE MATERIA - TERMINO TEMATICO
Término de materia o nombre geográfico como elemento de entrada Geometría
Subdivisión general Estudio y enseñanza (Elemental)
9 (RLIN) 4869
902 ## - ELEMENTOS DE DATOS B LOCAL, LDB (RLIN)
Creó ULISES MORALES MARTINEZ
904 ## - ELEMENTOS DE DATOS D LOCAL, LDD (RLIN)
a AC
b 031410
905 ## - TIPO DE MATERIAL
Tipo de material Libro
Holdings
Estado de retiro Estado de pérdida Fuente del sistema de clasificación o colocación Estado dañado No para préstamo Código de colección Localización permanente Ubicación/localización actual Ubicación en estantería Fecha de adquisición Enumeración/cronología de publicación seriada Clasificación Código de barras Fecha visto por última vez Número de copia Tipo de ítem Koha
    Library of Congress Classification   Disponible (Préstamo en sala) Libros de texto Bib. Gregorio Torres Quintero Bib. Gregorio Torres Quintero Colecciones especiales Planta alta 25/05/2023 - LB1589 M6.3 G3.3 11898 31/12/2020 1 Libro